Le chanoine Kir : La vie fantasque d'un homme politique en soutane (notice n° 1568100)

détails MARC
000 -LEADER
fixed length control field 01419cam a2200133 4500500
005 - DATE AND TIME OF LATEST TRANSACTION
control field 20251214004006.0
041 ## - LANGUAGE CODE
Language code of text/sound track or separate title fre
042 ## - AUTHENTICATION CODE
Authentication code dc
100 10 - MAIN ENTRY--PERSONAL NAME
Personal name Bazin, Jean-François
Relator term author
245 00 - TITLE STATEMENT
Title Le chanoine Kir : La vie fantasque d'un homme politique en soutane
260 ## - PUBLICATION, DISTRIBUTION, ETC.
Name of publisher, distributor, etc. Armand Colin,<br/>
Date of publication, distribution, etc. 2018.<br/>
520 ## - SUMMARY, ETC.
Summary, etc. Vous connaissez le kir : composé d’un vin blanc sec de Bourgogne, l’aligoté, et de crème de cassis de Dijon, cet apéritif entré dans la langue universelle a fait le tour du monde. Un nom propre devenu nom commun, ayant sa place dans les dictionnaires et sur les cartes de restaurant. Car le chanoine Kir a vraiment existé ! Jean-François Bazin nous raconte l’existence hors du commun de ce prêtre et homme politique, qui illustre un siècle de relations entre la société politique et la société religieuse. Incarnant la Résistance, il est élu maire de Dijon en 1945 à l’âge de 69 ans. Il s’agit, pense-t-on alors, d’un mandat de gratitude et d’estime. Mais à sa mort en 1968, il porte toujours l’écharpe tricolore sous sa soutane ! Député dans le même temps, il est deux fois doyen de l’assemblée nationale. Don Camillo devenu Peppone, le dernier député en soutane de la République doit sa gloire à cet apéritif qu’il n’a pas inventé.
856 41 - ELECTRONIC LOCATION AND ACCESS
Uniform Resource Identifier <a href="https://shs.cairn.info/le-chanoine-kir--9782200621001?lang=fr&redirect-ssocas=7080">https://shs.cairn.info/le-chanoine-kir--9782200621001?lang=fr&redirect-ssocas=7080</a>

Pas d'exemplaire disponible.

PLUDOC

PLUDOC est la plateforme unique et centralisée de gestion des bibliothèques physiques et numériques de Guinée administré par le CEDUST. Elle est la plus grande base de données de ressources documentaires pour les Étudiants, Enseignants chercheurs et Chercheurs de Guinée.

Adresse

627 919 101/664 919 101

25 boulevard du commerce
Kaloum, Conakry, Guinée

Réseaux sociaux

Powered by Netsen Group @ 2025